| 000 | 00844cam a2200265 a 4500 | ||
|---|---|---|---|
| 001 | 15133923 | ||
| 005 | 20180110080914.0 | ||
| 008 | 080110s2009 mauabf b 001 0 eng | ||
| 010 | _a 2008000328 | ||
| 020 | _a9780132337076 | ||
| 020 | _a013233707X | ||
| 035 | _a(OCoLC)ocn190785247 | ||
| 040 |
_aDLC _cDLC _dYDX _dBAKER _dYDXCP _dBTCTA _dOUP _dMUQ _dAKP _dDLC |
||
| 041 | _aeng | ||
| 043 | _an-us--- | ||
| 080 | _a372.830440973 PAR | ||
| 082 | 0 | 0 |
_a372.830440973 PAR _222 |
| 100 | 1 | _a46 | |
| 101 | _aEDU | ||
| 245 | 1 | 0 |
_aSocial studies in elementary education / _cWalter C. Parker. |
| 504 | _aIncludes bibliographical references and index. | ||
| 906 |
_a7 _bcbc _corignew _d1 _eecip _f20 _gy-gencatlg |
||
| 942 |
_2ddc _cBK |
||
| 999 |
_c40026 _d40026 |
||